=LDR 00000nam 2200000 4500 =001 INLIS000000000005780 =005 20130612094001 =008 ***********************************Ind** =035 ##$$0010-061300000005780 =041 ##$$a Ind =082 ##$$a 005.245 =090 ##$$a 005.245, Kha m =100 ##$$a Khandra, K., Jan =245 ##$$a Masalah anda dan IMB-PC, Jan Chandra K =260 ##$$a 1991 $b Jakarta =300 ##$$a xi, 130 hlm., 21 cm =650 ##$$a Komputer =850 ##$$a NBPNMAT